000 01579nam a22002057a 4500
005 20220518114941.0
008 220518b ||||| |||| 00| 0 eng d
020 _a0440225701
040 _cAL
041 _aEnglish
082 _223
_a813.54
_bGRIS
100 _aJohn Grisham
_937769
245 _aStreet Lawyer
260 _aNew York
_bDell Publishing
_c1998
300 _a452 p.
_bPB
_c17.5x10.5 cm.
520 _aHe gave up the money. He gave up the power. Now all he has left is the law. Michael Brock is billing the hours, making the money, rushing relentlessly to the top of Drake & Sweeney, a giant D.C. law firm. One step away from partnership, Michael has it all. Then, in an instant, it all comes undone. A homeless man takes nine lawyers hostage in the firm's plush offices. When it is all over, the man's blood is splattered on Michael's face--and suddenly Michael is willing to do the unthinkable. Rediscovering a conscience he lost long ago, Michael is leaving the big time for the streets where his attacker once lived--and where society's powerless need an advocate for justice. But there's one break Michael can't make: from a secret that has floated up from the depths of Drake & Sweeney, from a confidential file that is now in Michael's hands, and from a conspiracy that has already taken lives. Now Michael's former partners are about to become his bitter enemies. Because to them, Michael Brock is the most dangerous man on the streets....
650 _aWashington --Fiction
_937770
700 _aGRISHAM (John)
_937771
942 _2ddc
_cGF
999 _c222986
_d222986